|
|
|
|
| LEADER |
00000ny a22000003n 4500 |
| 005 |
20110617142915.0 |
| 008 |
100324s2005 pe 000 0 spa c |
| 020 |
|
|
|a 9789972733925
|
| 035 |
|
|
|a 4886
|
| 040 |
|
|
|a UAL
|d vlex
|
| 080 |
|
|
|a 351.077(85)
|
| 090 |
|
|
|c 1395
|d 1395
|
| 100 |
1 |
|
|a Zegarra Valdivia, Diego
|
| 245 |
1 |
3 |
|a El servicio pb︢lico
|h [Recurso electrn̤ico]
|b fundamentos /
|c Diego Zegarra Valdivia
|
| 256 |
|
|
|a Servicio en ln̕ea
|
| 260 |
|
|
|a Lima :
|b Palestra,
|c 2005
|
| 506 |
1 |
|
|a Contenido solo disponible en los productos indicados
|d vLex Global
|d vLex Global (Academic Edition, excluding Law Schools)
|d vLex Global (U.S. Academic Edition, Law Schools)
|d vLex Global (U.S. Academic Edition, excluding Law Schools)
|d vLex Global (Academic Edition, Law Schools)
|
| 650 |
0 |
4 |
|a Servicios pb︢licos, Administraciones de
|z Lima
|
| 740 |
0 |
|
|a vLex Libros (Servicios en ln̕ea)
|
| 856 |
4 |
0 |
|z Acceso restringido
|u http://vlex.com/source/fundamentos-servicio-publico-4886
|
| 942 |
|
|
|c BOOK
|